The magician`s company
| Main Author: | |
|---|---|
| Format: | Book |
| Published: |
New York :
Lodestar Books ,
1988
|
| Subjects: |
MARC
| LEADER | 00000cam a2200000 7i4500 | ||
|---|---|---|---|
| 001 | 0000001977 | ||
| 002 | 000002152 | ||
| 005 | 20000330.0 | ||
| 020 | |a 0525672613 | ||
| 090 | 0 | 0 | |a JF |b MCG |
| 100 | 1 | |a McGowen, Tom | |
| 245 | 1 | 4 | |a The magician`s company |c Tom Mcgowen |
| 260 | |a New York : |b Lodestar Books , |c 1988 | ||
| 300 | |a 119p. : |b ill ; |c 22cm. | ||
| 650 | 0 | 0 | |a Children's stories |
| 999 | |a 035295 |b BUKU |c PINJAMAN |e PERPUSTAKAAN KOMUNITI PETALING JAYA | ||
| 999 | |a 035296 |b BUKU |c PINJAMAN |e PERPUSTAKAAN KOMUNITI PETALING JAYA | ||